01179nam a2200253Ia 450000500170000000800410001702000180005810000430007624501170011925000210023630000250025749000200028250000780030250502740038065000310065465000330068565000470071826400260076533600270079133700330081833800280085104000350087908400110091420220317001310.0161108s9999 ck g 000 0 spa  a978958888623713aGarcía Márquez, Gabrield1927-201413aLa increíble y triste historia de la Cándida Eréndira y de su abuela desalmadacGabriel García Márquez a2a reimpresión a158 páginasc19 cm aContemporánea aIncluye datos biográficos del autor -- Premio Nobel de Literatura, 1982 aUn señor muy viejo con unas alas enormes -- El mar del tiempo perdido -- El ahogado más hermoso del mundo -- Muerte constante más allá del amor -- El último viaje del buque fantasma -- Blacamán el bueno, vendedor de milagros -- La increíble y triste histo142LEMBaCuentos colombianos 142LEMBaLiteratura colombiana 142LEMB aRealismo mágico en la literatura  aBogotá bDebolsillo atextobtxt2rdacontent asin mediaciónbn2rdamedia avolumenbnc2rdacarrier aCO-BoRNBPbspaerdacCO-BoRNBP aC GAR2